| 000 | 01040cam a2200217 4500 | ||
|---|---|---|---|
| 008 | 081207n1981 mx a 000 0 spa u | ||
| 035 | _aa476004 | ||
| 245 | 0 | 0 | _aJesús González Ortega, defensor de la patria. |
| 260 |
_aSaltillo, Coahuila, México : _bColegio Coahuilense de Investigaciones Históricas, _c1981 |
||
| 300 |
_a94, 138 p. : _bil. ; _c22 cm. |
||
| 504 | _aBibliografía: p. 93-94 (primera parte) | ||
| 505 | _apt. 1. Parte general rendido al Supremo Gobierno de la Nación / Jesús González Ortega -- pt. 2. El Sitio de Puebla en 1863 / Luis Chávez Orozco | ||
| 590 | _aProyecto PIFI 2005 | ||
| 600 | 1 |
_aGonzález Ortega, Jesús, _d1822-1881 |
|
| 651 | 4 |
_aMéxico _xHistoria _xIntervención y segundo imperio, 1861-1867 |
|
| 651 | 4 | _aSitio de Puebla, 1863 | |
| 700 | 1 |
_aGonzález Ortega, Jesús, _d1822-1881. _tParte general rendido al Supremo Gobierno de la Nación. _f1981 |
|
| 700 | 1 |
_aChávez Orozco, Luis, _d1901-1966. _tEl sitio de Puebla en 1863. _f1981 |
|
| 942 |
_2lcc _cLIB |
||
| 999 |
_c79491 _d79491 |
||